000 00468nam a2200193Ia 4500
005 20240823053806.0
008 240823s9999||||xx |||||||||||||| ||und||
020 _a978-81-8322-241-9
041 _aTAMIL
082 _A5248 Q5
100 _aNorman Vincent Peale
245 0 _aNearmaraich Chinthanaiyin viyathagu shakthi
250 _a1st
260 _c2011
_bManjul Public
500 _aYES
650 _aTamil Books
_bGeneral
942 _cBK
999 _c224963
_d224963